000 01014nmm a2200301 a 4500
003 AR-BaBNM
005 20251128204814.0
008 126019s1995 ||||||||||||||000 | spa||
040 _cAR-BaBNM
100 1 _aArgüello, Jorge
245 1 0 _a200 proyectos
_b4 años de trabajo
246 1 _aDoscientos proyectos
260 _aBuenos Aires
_b[s.n.]
_c1995
300 0 _a85 p.
_bil.
500 1 _aArgüello, Jorge, diputado de la Nación, ha recibido el premio Parlamentario que la revista El Parlamentario otorga cada año al legislador que ha desempeñado su tarea de representante de los intereses de su pueblo o provincia, con mayor acierto y dedicació
650 4 _aDERECHO
650 4 _aLIBERTAD DE EXPRESION
650 4 _aTRABAJO
650 4 _aDERECHOS Y PRIVILEGIOS
650 4 _aLEGISLACION
650 4 _aDERECHOS CIVILES Y POLITICOS
650 4 _aPARLAMENTARIOS
650 4 _aSANCION LEGISLATIVA
650 4 _aPROYECTOS DE LEY
651 4 _aArgentina
942 _cBK
998 _cGLORIA
999 _c8897
_d8897